[Event "Challenge"]
[Site "http://www.queenalice.com/game.php?id=1443969"]
[Date "2016.10.3"]
[Round "-"]
[White "Hourglass"]
[Black "tewald"]
[Result "0-1"]
[WhiteElo "1917"]
[BlackElo "1958"]

1. e4 e6 2. d4 d5 3. Nc3 Nf6 4. e5 Nfd7 5. Nf3 c5 6. b3 Nc6 7. Be3 cxd4 8. Bxd4
Nxd4 9. Qxd4 Bc5 10. Qd2 a6 11. Be2 O-O 12. O-O Qc7 13. Na4 Ba7 14. c4 dxc4 15.
Bxc4 Nxe5 16. Nxe5 Qxe5 17. Rae1 Qf6 18. Nc3 Rd8 19. Qc2 b5 20. Ne4 Qg6 21. Bd3
Bb7 22. g3 Rac8 23. Qb1 Qh5 24. Qd1 Qd5 25. Bc2 Qxd1 26. Nf6+ gxf6 27. Bxd1 Rc3
0-1

[Event "Challenge"]
[Site "http://www.queenalice.com/game.php?id=1443971"]
[Date "2016.10.3"]
[Round "-"]
[White "tewald"]
[Black "Hourglass"]
[Result "1-0"]
[WhiteElo "1972"]
[BlackElo "1903"]

1. d4 d5 2. Bf4 e6 3. e3 c5 4. c3 c4 5. Nf3 Nc6 6. h3 Nf6 7. g4 Bd6 8. Ne5 O-O
9. g5 Ne4 10. h4 f6 11. gxf6 Qxf6 12. f3 Bxe5 13. dxe5 Nxe5 14. fxe4 Ng6 15. Qe2
Nxf4 16. exf4 Qxf4 17. Nd2 Qg3+ 18. Kd1 e5 19. Kc2 Be6 20. Qh2 Qf4 21. h5 Rad8
22. Qxf4 Rxf4 23. exd5 Bxd5 24. Rh2 b5 25. Re1 e4 26. Rhe2 Re8 27. Bg2 Rh4 28.
Nxe4 Bxe4+ 29. Bxe4 1-0

[Event "Challenge"]
[Site "http://www.queenalice.com/game.php?id=1447172"]
[Date "2016.11.1"]
[Round "-"]
[White "Agourmay"]
[Black "Hourglass"]
[Result "0-1"]
[WhiteElo "1900"]
[BlackElo "1889"]

1. d4 d5 2. c4 e6 3. Nc3 c6 4. Nf3 Nf6 5. Bf4 Bd6 6. Bxd6 Qxd6 7. c5 Qc7 8. Qc2
Nbd7 9. e4 e5 10. exd5 cxd5 11. dxe5 Nxe5 12. Bb5+ Nc6 13. Qe2+ Be6 14. Ng5 Qc8
15. Rd1 O-O 16. O-O Bg4 17. Nf3 Re8 18. Qd2 a6 19. Be2 Qf5 20. Nxd5 Rad8 21. Qc1
Nxd5 22. Rd2 Nf4 23. Re1 Nh3+ 24. Kf1 Nf4 25. Nh4 Qg5 26. Rxd8 Nxd8 27. Bxg4
Nde6 28. h3 Qf6 29. c6 Nd3 30. Qc4 Nxe1 31. c7 Nxc7 32. Qxc7 Nd3 33. Nf3 Re1+
0-1

[Event "Challenge"]
[Site "http://www.queenalice.com/game.php?id=1447173"]
[Date "2016.11.1"]
[Round "-"]
[White "Hourglass"]
[Black "Agourmay"]
[Result "0-1"]
[WhiteElo "1906"]
[BlackElo "1883"]

1. Nf3 d5 2. c4 c6 3. e3 Nf6 4. Nc3 Bg4 5. d4 e6 6. c5 b6 7. b4 a5 8. Na4 Nbd7
9. Nxb6 Nxb6 10. cxb6 Bxb4+ 11. Bd2 Qxb6 12. Be2 Ne4 13. Rb1 Qc7 14. Bxb4 axb4
15. Rxb4 Qa5 16. a3 Qxa3 17. Qb1 Qc3+ 18. Kf1 Ra1 19. Rb8+ Ke7 0-1

[Event "Challenge"]
[Site "http://www.queenalice.com/game.php?id=1452199"]
[Date "2016.11.27"]
[Round "-"]
[White "Hourglass"]
[Black "Agourmay"]
[Result "1-0"]
[WhiteElo "1905"]
[BlackElo "1884"]

1. e4 c5 2. Nf3 Nc6 3. d4 cxd4 4. Nxd4 Nxd4 5. Qxd4 d6 6. f4 Qc7 7. Nc3 e5 8.
Nd5 Qc6 9. fxe5 Be6 10. exd6 Qxd6 11. Bb5+ Bd7 12. e5 Qb6 13. Nxb6 1-0

[Event "Challenge"]
[Site "http://www.queenalice.com/game.php?id=1452200"]
[Date "2016.11.27"]
[Round "-"]
[White "Agourmay"]
[Black "Hourglass"]
[Result "0-1"]
[WhiteElo "1850"]
[BlackElo "1920"]

1. d4 d5 2. c4 e6 3. Nc3 Nf6 4. Bg5 Be7 5. e3 a6 6. Nf3 Nc6 7. Bd3 O-O 8. O-O b6
9. Bxf6 Bxf6 10. cxd5 exd5 11. Qa4 Bb7 12. Qc2 g6 13. Rfe1 Nb4 14. Qd2 Nxd3 15.
Qxd3 c5 16. b3 Rc8 17. Rac1 Re8 18. Nd2 Qd7 19. dxc5 bxc5 20. e4 d4 21. Ne2 Be5
22. f4 Bf6 23. f5 Bg5 24. Ng3 Re7 25. Rc2 Bxd2 26. Qxd2 Re5 27. f6 Qd8 28. Rf1
Bxe4 29. Nxe4 Rxe4 30. Qg5 Re6 31. Rxc5 Rxc5 32. Qxc5 Rxf6 33. Rxf6 Qxf6 34. Qd5
Qf4 35. Qf3 Qd6 36. g3 Kg7 37. Kf1 a5 38. a4 Qb4 39. Ke2 h5 40. Qd5 Qc3 41. Qe5+
Kh7 42. Qe4 Qb2+ 43. Ke1 Qxh2 44. g4 Qg1+ 45. Kd2 Qxg4 0-1

[Event "Challenge"]
[Site "http://www.queenalice.com/game.php?id=1457884"]
[Date "2017.1.4"]
[Round "-"]
[White "Hourglass"]
[Black "Agourmay"]
[Result "0-1"]
[WhiteElo "1913"]
[BlackElo "1857"]

1. e4 e5 2. Nf3 Nc6 3. Bb5 Bd6 4. O-O Nf6 5. d3 h6 6. Be3 O-O 7. Nc3 Ng4 8. Bd2
Bc5 9. h3 Bxf2+ 10. Rxf2 Nxf2 11. Kxf2 Nd4 12. Nxe5 Qh4+ 13. Kg1 d6 14. Nf3
Nxf3+ 15. Qxf3 a6 16. Be1 Qg5 17. Bg3 axb5 18. Nxb5 Qxb5 0-1

[Event "Challenge"]
[Site "http://www.queenalice.com/game.php?id=1457885"]
[Date "2017.1.4"]
[Round "-"]
[White "Agourmay"]
[Black "Hourglass"]
[Result "1-0"]
[WhiteElo "1837"]
[BlackElo "1933"]

1. d4 d5 2. Nf3 b6 3. c4 c6 4. Bf4 Nf6 5. e3 Be6 6. cxd5 cxd5 7. Bb5+ Bd7 8. Nc3
Bxb5 9. Nxb5 Na6 10. Qa4 Qc8 11. Nd6+ Kd8 12. Nxc8 1-0

[Event "Challenge"]
[Site "http://www.queenalice.com/game.php?id=1461914"]
[Date "2017.1.29"]
[Round "-"]
[White "Hourglass"]
[Black "Agourmay"]
[Result "1-0"]
[WhiteElo "1895"]
[BlackElo "1875"]

1. e4 c5 2. Nf3 Nc6 3. c3 e6 4. a3 Bd6 5. d4 cxd4 6. cxd4 e5 7. d5 Nce7 8. Bd3
Nf6 9. O-O O-O 10. Nc3 Ng6 11. Ne2 Nf4 12. Nxf4 exf4 13. e5 Bc5 14. exf6 Qxf6
15. Qd2 Bxa3 16. Rxa3 1-0

[Event "Challenge"]
[Site "http://www.queenalice.com/game.php?id=1461915"]
[Date "2017.1.29"]
[Round "-"]
[White "Agourmay"]
[Black "Hourglass"]
[Result "0-1"]
[WhiteElo "1860"]
[BlackElo "1910"]

1. c4 e5 2. Nc3 c6 3. g3 d5 4. d3 Nf6 5. Bg2 Bc5 6. h3 dxc4 7. dxc4 Qxd1+ 8.
Nxd1 O-O 9. Bg5 Nbd7 10. Ne3 h6 11. Bxf6 Nxf6 12. Nf3 Bxe3 13. fxe3 Re8 14. O-O
Ne4 15. g4 Ng3 16. Rfe1 e4 17. Nd2 h5 18. gxh5 Bf5 19. Kh2 Nxh5 20. c5 Nf6 21.
b4 Nd5 22. Reb1 Nxe3 23. Rb3 Rad8 24. Rxe3 Rxd2 25. Kg3 Bg6 26. h4 Bh5 27. Kf4
Bxe2 28. Bxe4 Kf8 29. a4 Bc4 30. Rg3 Rd4 31. Re1 g6 32. Rge3 f5 33. Rf1 Rdxe4+
34. Rxe4 Rxe4+ 0-1

[Event "Challenge"]
[Site "http://www.queenalice.com/game.php?id=1466713"]
[Date "2017.2.27"]
[Round "-"]
[White "Hourglass"]
[Black "Agourmay"]
[Result "1-0"]
[WhiteElo "1936"]
[BlackElo "1817"]

1. e4 c5 2. Nf3 Nc6 3. c3 e5 4. Bb5 Nf6 5. d3 Be7 6. Bxc6 bxc6 7. Nxe5 O-O 8.
O-O Bb7 9. Bf4 d5 10. Nd2 Qb6 11. b3 Bd6 12. Nec4 dxc4 13. Bxd6 Rfd8 14. Nxc4
Qa6 15. Bxc5 Nxe4 16. Bd4 c5 17. Bxg7 Kxg7 18. Qg4+ Kf8 19. dxe4 1-0

[Event "Challenge"]
[Site "http://www.queenalice.com/game.php?id=1466714"]
[Date "2017.2.27"]
[Round "-"]
[White "Agourmay"]
[Black "Hourglass"]
[Result "0-1"]
[WhiteElo "1829"]
[BlackElo "1924"]

1. c4 e5 2. Nc3 Nf6 3. g3 Bc5 4. Bg2 c6 5. d3 O-O 6. Nf3 d6 7. O-O Ng4 8. e3 Be6
9. b3 Nd7 10. d4 Bb6 11. Ng5 Qxg5 12. f4 Qg6 13. e4 Bxd4+ 14. Kh1 Bxc3 15. Rb1
Bd4 16. f5 Qh5 17. h4 Nf2+ 0-1

[Event "Challenge"]
[Site "http://www.queenalice.com/game.php?id=1468761"]
[Date "2017.3.14"]
[Round "-"]
[White "Hourglass"]
[Black "Agourmay"]
[Result "0-1"]
[WhiteElo "1947"]
[BlackElo "1806"]

1. e4 e5 2. Nf3 Nc6 3. c3 Nf6 4. d3 h6 5. Be3 b6 6. Be2 Ng4 7. Bd2 Bc5 8. O-O
O-O 9. b4 Bxf2+ 10. Rxf2 Nxf2 11. Kxf2 d6 12. Be3 Qf6 13. Kg1 Be6 14. d4 exd4
15. cxd4 Nxb4 16. Nc3 c5 17. dxc5 Qxc3 18. Bd4 Qa3 19. cxb6 axb6 20. Bxb6 Nxa2
21. Bc7 Qa7+ 0-1

[Event "Challenge"]
[Site "http://www.queenalice.com/game.php?id=1468762"]
[Date "2017.3.14"]
[Round "-"]
[White "Agourmay"]
[Black "Hourglass"]
[Result "1-0"]
[WhiteElo "1828"]
[BlackElo "1908"]

1. e4 e5 2. Nf3 Nc6 3. Bc4 Nf6 4. d3 Bc5 5. Bg5 O-O 6. O-O Be7 7. Nc3 d6 8. h3
Na5 9. Nd2 Nxc4 10. Nxc4 c6 11. Re1 b5 12. Nd2 Bb7 13. Ne2 d5 14. Ng3 d4 15. Nf5
Bd6 16. Nf3 h6 17. Bh4 Kh7 18. g4 g5 19. Qd2 Rg8 20. Nxg5+ hxg5 21. Bxg5 Bc8 22.
Nh6 Rg7 23. f4 exf4 24. e5 Be7 25. Qxf4 Nh5 26. Qe4+ Kh8 27. Bf4 f5 28. exf6
Bxf6 29. Qxc6 Bd7 30. Qd6 Be8 31. Kh2 Nxf4 32. Qxf4 Bg5 33. Qg3 Bxh6 34. Re6 Rg6
35. Qe5+ Bg7 36. Qh5+ Bh6 37. Rxg6 Bxg6 38. Qxh6+ Bh7 39. Rf1 Qc7+ 40. Rf4 Qxc2+
41. Kg1 Qc8 42. Rf7 Qg8 43. Qf6+ 1-0

[Event "Challenge"]
[Site "http://www.queenalice.com/game.php?id=1472047"]
[Date "2017.4.5"]
[Round "-"]
[White "Hourglass"]
[Black "Sigmund"]
[Result "0-1"]
[WhiteElo "1925"]
[BlackElo "1893"]

1. e4 e5 2. Nf3 Nc6 3. Bb5 d6 4. d4 Bd7 5. Nc3 h6 6. Bxc6 Bxc6 7. dxe5 dxe5 8.
Nxe5 Bd6 9. Nxc6 bxc6 10. Be3 Nf6 11. Qf3 O-O 12. O-O-O Qe7 13. Qf5 g6 14. Qh3
h5 15. f3 Rab8 16. b3 Ba3+ 17. Kd2 Rbd8+ 18. Ke2 Bb4 19. Na4 Nxe4 20. fxe4 Qxe4
21. Rd3 c5 22. Rhd1 Rxd3 23. cxd3 Qe7 24. Kf1 Re8 25. Kf2 f5 26. Qf3 Rd8 27. d4
cxd4 28. Rxd4 Rxd4 29. Bxd4 Qe1# 0-1

[Event "Challenge"]
[Site "http://www.queenalice.com/game.php?id=1473217"]
[Date "2017.4.13"]
[Round "-"]
[White "Sigmund"]
[Black "Hourglass"]
[Result "1-0"]
[WhiteElo "1902"]
[BlackElo "1889"]

1. d4 d5 2. c4 e6 3. Nf3 c5 4. Bf4 Nf6 5. Nc3 cxd4 6. Nxd4 a6 7. Qc2 Nbd7 8.
O-O-O e5 9. Bg5 exd4 10. Nxd5 Bc5 11. b4 Ba7 12. c5 b6 13. c6 Ne5 14. Rxd4 b5
15. Nxf6+ Qxf6 16. Bxf6 Bxd4 17. Bxg7 1-0